[Event "World Rapid Women 2017"]
[Site "Riyadh KSA"]
[Date "2017.12.28"]
[Round "13.14"]
[White "Assaubayeva, Bibisara"]
[Black "Bodnaruk, Anastasia"]
[Result "1-0"]
[WhiteTitle "FM"]
[BlackTitle "IM"]
[WhiteElo "2381"]
[BlackElo "2428"]
[WhiteFideId "13708694"]
[BlackFideId "4181751"]
[EventDate "2017.12.26"]

1. d4 Nf6 2. c4 g6 3. f3 Bg7 4. e4 d6 5. Nc3 O-O 6. Be3 c5 7. Nge2 Nc6 8. d5 Na5
9. Nc1 e6 10. Be2 exd5 11. cxd5 Re8 12. O-O a6 13. a4 Rb8 14. Qc2 Bd7 15. Bf4
Qc7 16. N3a2 b5 17. axb5 axb5 18. Nd3 c4 19. Ndb4 Nb3 20. Rad1 Qb6+ 21. Kh1 Nh5
22. Bg5 h6 23. Bh4 Nf4 24. Nc3 Ra8 25. Bg3 Be5 26. Nc6 Nxe2 27. Bxe5 dxe5 28.
Qxe2 Bxc6 29. dxc6 Qxc6 30. Nd5 Kg7 31. f4 exf4 32. Rxf4 Qc5 33. Qf3 f5 34. exf5
b4 35. fxg6 Rf8 36. Rf7+ Kxg6 37. Qf5# 1-0

[Event "World Rapid Women 2017"]
[Site "Riyadh KSA"]
[Date "2017.12.28"]
[Round "13.15"]
[White "Charochkina, Daria"]
[Black "Cramling, Pia"]
[Result "0-1"]
[WhiteTitle "IM"]
[BlackTitle "GM"]
[WhiteElo "2317"]
[BlackElo "2450"]
[WhiteFideId "4180917"]
[BlackFideId "1700030"]
[EventDate "2017.12.26"]

1. d4 Nf6 2. c4 e6 3. Nc3 Bb4 4. Qc2 O-O 5. a3 Bxc3+ 6. Qxc3 d6 7. Nf3 b6 8. g3
Bb7 9. Bg2 Nbd7 10. O-O a5 11. b3 Be4 12. Rd1 Qb8 13. Bh3 c6 14. Bf4 Nh5 15. Bd2
d5 16. Ne5 Qb7 17. f3 Bg6 18. Nxg6 hxg6 19. g4 Nhf6 20. g5 Ne8 21. e4 Nc7 22.
cxd5 cxd5 23. Rac1 Rfc8 24. Qd3 a4 25. b4 b5 26. Bf4 Nb6 27. Bxc7 Rxc7 28. Qxb5
dxe4 29. Rxc7 Qxc7 30. fxe4 Qf4 31. Bg2 Qe3+ 32. Kh1 Qb3 33. Rf1 Nc4 34. Qb7 Rf8
35. e5 Ne3 36. Rg1 Nxg2 37. Qxg2 Qxa3 38. b5 Qb3 39. Qc6 Rb8 40. Ra1 a3 41. b6
Qb2 42. Rf1 Qxb6 43. Qd7 Qb7+ 44. Qxb7 Rxb7 45. Ra1 Ra7 46. Ra2 Kf8 47. Kg2 Ke7
48. Kf3 Kd7 49. Ke4 Kc6 50. Kd3 Kd5 51. Rc2 Ra5 52. Ra2 Ra4 53. Kc3 Rc4+ 54. Kb3
Rxd4 55. Kxa3 Kxe5 56. Rf2 Rf4 57. Rg2 Ke4 58. Kb3 Rf5 59. Kc2 Kf4 60. h4 Kf3
61. Rd2 Kg3 62. Rd4 Rf4 0-1

[Event "World Rapid Women 2017"]
[Site "Riyadh KSA"]
[Date "2017.12.28"]
[Round "13.16"]
[White "Tokhirjonova, Gulrukhbegim"]
[Black "Nechaeva, Marina"]
[Result "1/2-1/2"]
[WhiteTitle "WGM"]
[BlackTitle "IM"]
[WhiteElo "2329"]
[BlackElo "2424"]
[WhiteFideId "14203626"]
[BlackFideId "4149351"]
[EventDate "2017.12.26"]

1. e4 c6 2. d4 d5 3. e5 Bf5 4. Nf3 e6 5. Be2 Ne7 6. O-O Bg6 7. Nbd2 Nd7 8. Nh4
Nf5 9. Nxg6 hxg6 10. Nf3 Be7 11. b3 Rc8 12. c4 Nh4 13. Be3 Nxf3+ 14. Bxf3 Bg5
15. Qd2 Bxe3 16. fxe3 Qg5 17. Rad1 O-O 18. Qe2 b6 19. Rc1 dxc4 20. Rxc4 c5 21.
Rd1 b5 22. Rc2 cxd4 23. exd4 Rxc2 24. Qxc2 Nb6 25. Qc1 Qxc1 26. Rxc1 Rd8 27. Rc5
b4 28. Ra5 Rxd4 29. Rxa7 Nd5 30. Kf2 Rd2+ 31. Kg3 Nc3 32. a4 bxa3 33. Rxa3 Rb2
34. Ra8+ Kh7 35. Rb8 Ne2+ 36. Bxe2 Rxe2 37. Rb5 g5 38. Kf3 Rb2 39. h3 Kg6 40.
Rb7 f6 41. exf6 gxf6 42. Rb5 f5 43. Rb8 Kf6 44. Rb5 Rc2 45. b4 Rc3+ 46. Kf2 f4
47. Rb8 Rb3 48. b5 Ke5 49. b6 Ke4 50. b7 Rb2+ 51. Kg1 e5 52. Kh1 Rb1+ 53. Kh2
Rb3 54. Kg1 Rb2 55. Kh1 Rb1+ 56. Kh2 Rb2 1/2-1/2

[Event "World Rapid Women 2017"]
[Site "Riyadh KSA"]
[Date "2017.12.28"]
[Round "13.17"]
[White "Guo, Qi"]
[Black "Karavade, Eesha"]
[Result "1-0"]
[WhiteTitle "IM"]
[BlackTitle "IM"]
[WhiteElo "2396"]
[BlackElo "2384"]
[WhiteFideId "8604002"]
[BlackFideId "5012600"]
[EventDate "2017.12.26"]

1. d4 Nf6 2. c4 e6 3. Nf3 d5 4. Nc3 Bb4 5. cxd5 exd5 6. Bf4 O-O 7. Rc1 c6 8. e3
Bf5 9. Qb3 Qb6 10. Be2 Nbd7 11. O-O Be7 12. Nd2 h6 13. h3 Rfe8 14. Rfe1 Bf8 15.
Na4 Qa5 16. Nf3 Qb4 17. Qxb4 Bxb4 18. Red1 Ne4 19. Bd3 Be6 20. Ne5 Nxe5 21. Bxe5
b5 22. a3 Bd2 23. Rxc6 bxa4 24. Bxe4 Bxe3 25. Bc2 Bg5 26. Bxa4 Rec8 27. Ra6 Rc1
28. Rxc1 Bxc1 29. b4 Bc8 30. Rd6 Be6 31. Ra6 Bc8 32. Ra5 Bb7 33. Bb3 a6 34. Rc5
Rc8 35. a4 Ba3 36. Bd6 Rxc5 37. Bxc5 f6 38. b5 Bb2 39. bxa6 Bc6 40. Bc2 Kf7 41.
Bf5 Ke8 42. Bc8 Kd8 43. Be6 Kc7 44. Kh2 h5 45. h4 Kb8 46. Bf7 Ka8 47. Kg3 Bc3
48. Bxh5 Bxa4 49. Bf7 Bc6 50. Kg4 Be1 51. f3 Bd7+ 52. Kh5 Bc6 53. g4 Bf2 54. g5
Kb8 55. f4 Kc7 56. a7 Kb7 57. Kg4 Bd7+ 58. Kf3 1-0

[Event "World Rapid Women 2017"]
[Site "Riyadh KSA"]
[Date "2017.12.28"]
[Round "13.18"]
[White "Voit, Daria"]
[Black "Gunina, Valentina"]
[Result "0-1"]
[WhiteTitle "FM"]
[BlackTitle "GM"]
[WhiteElo "2390"]
[BlackElo "2510"]
[WhiteFideId "4182146"]
[BlackFideId "4167570"]
[EventDate "2017.12.26"]

1. Nf3 Nf6 2. c4 c5 3. Nc3 e6 4. g3 b6 5. Bg2 Bb7 6. O-O Be7 7. Re1 d5 8. cxd5
Nxd5 9. e4 Nb4 10. d4 cxd4 11. Nxd4 O-O 12. a3 N4c6 13. Be3 Nxd4 14. Bxd4 Nc6
15. Be3 Bf6 16. Rc1 Qe7 17. f4 Rfd8 18. Qe2 Nd4 19. Qf2 Nb3 20. e5 Bxg2 21. exf6
Qxf6 22. Qxg2 Nxc1 23. Rxc1 Rac8 24. Qb7 e5 25. Rf1 exf4 26. Bxf4 Qd4+ 27. Kg2
Qc4 28. Qxa7 Qc6+ 29. Kg1 Qc5+ 30. Rf2 Re8 31. Qb7 Rcd8 32. Kg2 Re7 33. Qf3 h6
34. h4 Qc4 35. Qh5 Rd3 36. Qf5 g6 37. Qg4 Re1 38. Kh2 Qc6 39. Rg2 h5 40. Qg5 Qf3
41. Bd2 Rxd2 42. Qxd2 Qf1 43. g4 hxg4 44. Qf2 Qh1+ 45. Kg3 f5 46. Rh2 Qc6 47.
Ne2 Qe4 48. Rg2 Qd3+ 49. Kf4 Qd6+ 50. Kg5 Rd1 51. Qe3 Kf7 52. Rf2 Rd3 53. Qc1 g3
54. Qc4+ Kg7 55. Rg2 Qf6+ 56. Kf4 Qxh4+ 57. Ke5 Qxc4 0-1

[Event "World Rapid Women 2017"]
[Site "Riyadh KSA"]
[Date "2017.12.28"]
[Round "13.21"]
[White "Socko, Monika"]
[Black "Hoolt, Sarah"]
[Result "1-0"]
[WhiteTitle "GM"]
[BlackTitle "WGM"]
[WhiteElo "2471"]
[BlackElo "2405"]
[WhiteFideId "1106619"]
[BlackFideId "24606812"]
[EventDate "2017.12.26"]

1. d4 Nf6 2. c4 e6 3. g3 d5 4. Bg2 Be7 5. Nf3 O-O 6. O-O c6 7. Qc2 b6 8. b3 Bb7
9. Bb2 Nbd7 10. Nbd2 c5 11. cxd5 exd5 12. Rfd1 Rc8 13. Qf5 Re8 14. Rac1 Ba6 15.
Ne5 g6 16. Qf3 Bf8 17. Bh3 Rc7 18. Bxd7 Rxd7 19. Nxd7 Nxd7 20. Qxd5 Bxe2 21. Re1
Bg7 22. Nc4 Bh6 23. f4 Bf8 24. Nd6 Bxd6 25. Qxd6 Re6 26. Qd5 Qe7 27. dxc5 bxc5
28. Kf2 Bg4 29. Rxe6 Bxe6 30. Qa8+ Nf8 31. Qe4 Qd7 32. Qe3 Bh3 33. Qc3 f6 34.
Re1 Bg4 35. h3 Bxh3 36. Qxf6 h5 37. Qh8+ Kf7 38. Qg7# 1-0

[Event "World Rapid Women 2017"]
[Site "Riyadh KSA"]
[Date "2017.12.28"]
[Round "13.22"]
[White "Tan, Zhongyi"]
[Black "Zhukova, Natalia"]
[Result "1-0"]
[WhiteTitle "GM"]
[BlackTitle "GM"]
[WhiteElo "2517"]
[BlackElo "2444"]
[WhiteFideId "8603642"]
[BlackFideId "14101513"]
[EventDate "2017.12.26"]

1. d4 Nf6 2. c4 c5 3. d5 b5 4. Qc2 bxc4 5. e4 d6 6. Bxc4 g6 7. Nc3 Bg7 8. f4 O-O
9. Nf3 Ba6 10. Bxa6 Nxa6 11. Qe2 Qc8 12. O-O Rb8 13. Rb1 c4 14. e5 Nd7 15. Kh1
Nb4 16. e6 Nb6 17. exf7+ Rxf7 18. Ng5 Rf5 19. g4 Rxg5 20. fxg5 N6xd5 21. Bd2 Qc6
22. Qe4 Nb6 23. Qxc6 Nxc6 24. Be3 e6 25. Bxb6 Rxb6 26. Rbe1 Nd4 27. Ne4 Rxb2 28.
Nxd6 c3 29. Nc4 Rb4 30. Rb1 a5 31. a3 Rb3 32. Rxb3 Nxb3 33. Ne3 Nd4 34. Kg2 Bf8
35. Rc1 Ne2 36. Rc2 Nf4+ 37. Kf3 Nh3 38. Rxc3 Nxg5+ 39. Ke2 Ne4 40. Rc8 Kf7 41.
Nc4 a4 42. Ke3 Nf6 43. Ne5+ Ke7 44. Ra8 Nd5+ 45. Kd3 Nb6 46. Ra6 Kf6 47. Ke4 Bd6
48. Rxb6 Bxe5 49. g5+ 1-0

[Event "World Rapid Women 2017"]
[Site "Riyadh KSA"]
[Date "2017.12.28"]
[Round "13.23"]
[White "Mammadova, Gulnar"]
[Black "Munguntuul, Batkhuyag"]
[Result "1/2-1/2"]
[WhiteTitle "IM"]
[BlackTitle "IM"]
[WhiteElo "2357"]
[BlackElo "2397"]
[WhiteFideId "13403508"]
[BlackFideId "4900758"]
[EventDate "2017.12.26"]

1. e4 c5 2. Nf3 e6 3. b3 b6 4. c4 Bb7 5. Nc3 Nf6 6. e5 Ne4 7. Nxe4 Bxe4 8. d3
Bb7 9. Bb2 Be7 10. Be2 O-O 11. O-O Nc6 12. d4 cxd4 13. Nxd4 Nxe5 14. Nxe6 fxe6
15. Bxe5 Bc5 16. Bg3 Bc6 17. a3 a5 18. Bd3 Qg5 19. Qc2 h5 20. Bh7+ Kf7 21. Be4
h4 22. Bc7 Rfc8 23. Bxc6 dxc6 24. b4 axb4 25. axb4 Rxa1 26. Rxa1 Rxc7 27. bxc5
Qxc5 28. Qe4 Rd7 29. Re1 Rd6 30. Qxh4 Rd4 31. Qg3 Qxc4 32. Qc7+ Kg8 33. Qxb6 Qd5
34. Qb8+ Kh7 35. Qb1+ Qf5 36. Qc1 c5 37. h3 c4 38. Qe3 Rd6 39. Qg3 Rd4 40. Re5
Qd3 41. Rxe6 Qxg3 42. fxg3 Rd2 43. Rc6 Rc2 44. g4 c3 45. Kh2 g5 46. Kg3 Kg7 47.
Kf3 Rc1 48. g3 Kf7 49. h4 c2 50. Kg2 gxh4 51. gxh4 Ke7 52. h5 Kd7 53. Rc3 Ke6
54. h6 Kf7 55. g5 Rd1 56. Rxc2 Rd5 57. Rc7+ Kg8 58. Rg7+ Kh8 59. Kg3 Rd3+ 60.
Kg4 Rd4+ 61. Kf5 Rd5+ 62. Ke6 Rd6+ 63. Kf5 Rd5+ 64. Kg4 Rd4+ 65. Kh5 Rh4+ 1/2-1/2

[Event "World Rapid Women 2017"]
[Site "Riyadh KSA"]
[Date "2017.12.28"]
[Round "13.24"]
[White "Hoang, Thanh Trang"]
[Black "Skripchenko, Almira"]
[Result "0-1"]
[WhiteTitle "GM"]
[BlackTitle "IM"]
[WhiteElo "2439"]
[BlackElo "2403"]
[WhiteFideId "12400149"]
[BlackFideId "13900145"]
[EventDate "2017.12.26"]

1. d4 d6 2. e4 Nf6 3. Nc3 e5 4. Nf3 Nbd7 5. Bc4 Be7 6. O-O O-O 7. a4 a6 8. a5 h6
9. Re1 exd4 10. Nxd4 Ne5 11. Bf1 c5 12. Nb3 Be6 13. f4 Nc6 14. Nd5 Re8 15. h3
Bf8 16. c4 Bxd5 17. cxd5 Nb4 18. Nd2 Qe7 19. Re2 Nh5 20. Nc4 Ng3 21. Re1 Nxe4
22. Nb6 Rad8 23. Bd2 Qh4 24. Re2 Nxd2 25. Qxd2 Rxe2 26. Bxe2 Be7 27. Bf3 Bf6 28.
Kh2 Bd4 29. Re1 Bf2 30. Re4 f5 31. Re6 Bg3+ 32. Kg1 Bxf4 33. Qe2 Be5 34. Nc4
Qd4+ 35. Kf1 Nd3 36. Qc2 Rf8 37. Re7 Bf6 38. Re6 Ne5 39. Nxe5 Bxe5 40. Re7 Qb4
41. b3 Qxa5 42. Rxb7 Qa1+ 43. Qd1 Qc3 44. Ra7 a5 45. Rb7 Bg3 46. Bh5 Qe3 47. Qe2
Qc1+ 48. Qd1 Qf4+ 49. Qf3 Qxf3+ 50. gxf3 Ra8 51. Bf7+ Kh8 52. Be6 g6 53. Bf7 Kg7
54. Be8+ Kf6 55. Bc6 Rf8 56. Rb5 Ke5 57. Rxa5 Rb8 58. Ra3 Bf4 59. Ke2 Kd4 60.
Ra4+ Ke5 61. Ra3 Bc1 62. Ra1 Bb2 63. Rg1 g5 64. h4 Kf4 65. hxg5 hxg5 66. Ba4 Rh8
67. Bd7 Rh2+ 68. Kd3 Rf2 69. Kc4 Rxf3 70. b4 cxb4 71. Kxb4 g4 72. Rh1 g3 73.
Rh4+ Ke3 74. Rh5 g2 75. Rg5 Kf2 0-1

[Event "World Rapid Women 2017"]
[Site "Riyadh KSA"]
[Date "2017.12.28"]
[Round "13.25"]
[White "Kulon, Klaudia"]
[Black "Gaponenko, Inna"]
[Result "0-1"]
[WhiteTitle "WGM"]
[BlackTitle "IM"]
[WhiteElo "2370"]
[BlackElo "2435"]
[WhiteFideId "1131044"]
[BlackFideId "14101181"]
[EventDate "2017.12.26"]

1. c4 c5 2. g3 g6 3. Bg2 Bg7 4. Nc3 Nc6 5. e3 Nh6 6. Nge2 Nf5 7. O-O d6 8. Rb1
O-O 9. a3 a5 10. Nb5 e5 11. b3 Be6 12. Nec3 Nfe7 13. Nd5 Bxd5 14. cxd5 Na7 15.
Nc3 b5 16. a4 b4 17. Ne2 Nac8 18. d3 Nb6 19. e4 f5 20. f3 h6 21. h4 Kh7 22. Be3
Ng8 23. Qd2 Nf6 24. Rbc1 Rb8 25. f4 Ng4 26. fxe5 Nxe3 27. Qxe3 Bxe5 28. Kh1 fxe4
29. Bxe4 h5 30. d4 cxd4 31. Nxd4 Bxd4 32. Qxd4 Nd7 33. Qa7 Rxf1+ 34. Rxf1 Qe7
35. Bg2 Re8 36. Qxa5 Qe5 37. Qa7 Re7 38. Qf2 Nc5 39. Qf3 Qe3 40. Qf8 Nxb3 41.
Qd8 Nd2 42. Rf8 Qe5 43. Rh8+ Qxh8 44. Qxe7+ Qg7 45. Qxd6 b3 46. Qb4 b2 47. Be4
Nxe4 48. Qxe4 Qb7 49. Qb1 Qxd5+ 50. Kh2 Qd2+ 51. Kh3 Qc1 52. Qe4 Qc8+ 53. Kh2
Qc7 54. a5 Qa7 55. Kh3 Qd7+ 56. Kh2 Qd2+ 57. Kh3 Qd7+ 58. Kh2 Qf7 59. a6 Qf2+
60. Kh1 Qf1+ 61. Kh2 b1=Q 62. Qe7+ Kg8 63. Qe6+ Qf7 64. Qe2 Qba2 0-1

[Event "World Rapid Women 2017"]
[Site "Riyadh KSA"]
[Date "2017.12.28"]
[Round "13.26"]
[White "Melia, Salome"]
[Black "Vo, Thi Kim Phung"]
[Result "0-1"]
[WhiteTitle "IM"]
[BlackTitle "WGM"]
[WhiteElo "2404"]
[BlackElo "2380"]
[WhiteFideId "13602446"]
[BlackFideId "12401838"]
[EventDate "2017.12.26"]

1. b3 e5 2. Bb2 Nc6 3. e3 Nf6 4. c4 d5 5. cxd5 Nxd5 6. a3 Be7 7. d3 Be6 8. Nf3
f6 9. Nbd2 O-O 10. Be2 Nb6 11. O-O Qd5 12. Qc2 Rac8 13. Rfd1 Rfd8 14. Nc4 Bf7
15. h3 Bf8 16. e4 Qc5 17. b4 Qb5 18. Ne3 Nd4 19. Nxd4 exd4 20. Nc4 Na4 21. Bg4
Rb8 22. Rac1 b6 23. Ba1 c5 24. bxc5 bxc5 25. f4 Nb6 26. e5 Nxc4 27. dxc4 Qa6 28.
Bf5 g6 29. Bd3 fxe5 30. fxe5 Re8 31. Rf1 Rxe5 32. Rf3 Bh6 33. Rcf1 Rf8 34. Bb2
Be6 35. Rxf8+ Bxf8 36. Bc1 Bf7 37. Qf2 Qb7 38. Bf4 Re8 39. h4 Bg7 40. Qg3 Qc6
41. Qg5 h6 42. Qg3 h5 43. Bd6 Re6 44. Bf4 a5 45. Rb1 Re8 46. Rf1 a4 47. Qf2 Qf6
48. Qc2 Qc6 49. Qf2 Rf8 50. Qg3 Re8 51. Qf2 Rf8 52. Qd2 Be6 53. Re1 Bf5 54. Bg5
Bxd3 55. Qxd3 Re8 56. Rb1 Qe4 57. Qxe4 Rxe4 58. Rb8+ Kf7 59. Rb7+ Kf8 60. Kf2
Be5 61. Be7+ Kg8 62. Bxc5 d3 63. Bb4 Rxc4 64. Ke3 Rxh4 65. Kxd3 Rg4 66. Re7 Bb2
67. Re2 Rg3+ 68. Re3 Rxg2 69. Kc4 h4 70. Kb5 Bc1 71. Rc3 Bf4 72. Kxa4 Bg3 73.
Rc8+ Kf7 74. Rh8 g5 75. Kb5 Be5 76. Rh7+ Kg6 77. Re7 Bf4 78. Re1 h3 79. Rh1 h2
80. Bc5 g4 81. a4 g3 82. a5 Rb2+ 83. Kc6 g2 84. Rxh2 Bxh2 85. a6 g1=Q 86. Bxg1
Bxg1 0-1

[Event "World Rapid Women 2017"]
[Site "Riyadh KSA"]
[Date "2017.12.28"]
[Round "13.27"]
[White "Gvetadze, Sofio"]
[Black "Li, Ruofan"]
[Result "1/2-1/2"]
[WhiteTitle "IM"]
[BlackTitle "IM"]
[WhiteElo "2289"]
[BlackElo "2351"]
[WhiteFideId "13601440"]
[BlackFideId "8600643"]
[EventDate "2017.12.26"]

1. e4 c5 2. Nf3 a6 3. c4 d6 4. d4 Bg4 5. dxc5 dxc5 6. Qxd8+ Kxd8 7. Be3 e6 8.
Nc3 Bxf3 9. gxf3 Nf6 10. O-O-O+ Nfd7 11. Na4 Kc7 12. f4 Be7 13. Rg1 g6 14. f5
Nc6 15. fxe6 fxe6 16. Bh3 Nd4 17. Bxd4 cxd4 18. Rxd4 Nc5 19. Nxc5 Bxc5 20. Rd2
Rae8 21. Rgd1 Re7 22. Kc2 Rf8 23. Rf1 e5 24. f3 Rf4 25. Bg2 Bd4 26. Rfd1 Rh4 27.
h3 Rf4 28. b4 b6 29. Kb3 Rf6 30. Rd3 Re8 31. Rc1 g5 32. Rc2 Ra8 33. Rd1 h5 34.
Rcd2 h4 35. a3 Rf7 36. Rd3 Kc6 37. Bf1 a5 38. b5+ Kc5 39. a4 Rc8 40. Be2 Kd6 41.
Rh1 Ke7 42. Rh2 Kf6 43. Rg2 Rfc7 44. Rd1 Rd8 45. Rh2 Rcd7 46. Rhh1 Rd6 47. Rd3 1/2-1/2

[Event "World Rapid Women 2017"]
[Site "Riyadh KSA"]
[Date "2017.12.28"]
[Round "13.28"]
[White "Batchimeg, Tuvshintugs"]
[Black "Savina, Anastasia"]
[Result "1-0"]
[WhiteTitle "IM"]
[BlackTitle "IM"]
[WhiteElo "2398"]
[BlackElo "2350"]
[WhiteFideId "4900839"]
[BlackFideId "4196872"]
[EventDate "2017.12.26"]

1. d4 Nf6 2. c4 g6 3. Nc3 Bg7 4. e4 d6 5. Be2 O-O 6. Be3 Na6 7. h4 e5 8. d5 Nc5
9. Bf3 a5 10. h5 c6 11. g4 cxd5 12. cxd5 Bd7 13. g5 Ne8 14. Kf1 b5 15. Kg2 b4
16. Nce2 f5 17. gxf6 Nxf6 18. Ng3 Rc8 19. hxg6 hxg6 20. Nh3 a4 21. Ng5 b3 22.
axb3 Nxb3 23. Ra3 Nd4 24. Bxd4 exd4 25. Ne6 Bxe6 26. dxe6 Qe7 27. Rxa4 Qxe6 28.
Rxd4 Rcd8 29. b4 Qe5 30. Qb3+ Rf7 31. Rhd1 Bf8 32. Be2 Kg7 33. Qe3 Nh7 34. Rd5
Qf4 35. Nf5+ Rxf5 36. exf5 Qxe3 37. fxe3 Nf6 38. Ra5 d5 39. fxg6 Bxb4 40. Ra7+
Kg8 41. Rf1 Bc3 42. Bd3 Re8 43. Rf3 Rf8 44. g7 Rd8 45. Rh3 Rd7 46. Rxd7 Nxd7 47.
Rh8+ Kxg7 48. Rh7+ 1-0

[Event "World Rapid Women 2017"]
[Site "Riyadh KSA"]
[Date "2017.12.28"]
[Round "13.29"]
[White "Zatonskih, Anna"]
[Black "Ding, Yixin"]
[Result "0-1"]
[WhiteTitle "IM"]
[BlackTitle "WGM"]
[WhiteElo "2452"]
[BlackElo "2424"]
[WhiteFideId "14101572"]
[BlackFideId "8602972"]
[EventDate "2017.12.26"]

1. d4 Nf6 2. c4 g6 3. Nc3 d5 4. e3 Bg7 5. Nf3 O-O 6. a3 e6 7. Bd3 b6 8. O-O Bb7
9. b4 Nbd7 10. Bb2 c5 11. Qe2 Qe7 12. bxc5 bxc5 13. a4 Rfc8 14. Ba3 Qd8 15. Nb5
Bf8 16. cxd5 Nxd5 17. Rfc1 a6 18. Nc3 cxd4 19. Nxd5 Bxa3 20. Rxc8 Qxc8 21. Nf4
e5 22. Qa2 exf4 23. Qxa3 dxe3 24. fxe3 fxe3 25. Ng5 Bd5 26. Qd6 Qc3 27. Rf1 Qxd3
28. Nxf7 Qd2 29. Nh6+ Kh8 30. Nf7+ Bxf7 0-1

[Event "World Rapid Women 2017"]
[Site "Riyadh KSA"]
[Date "2017.12.28"]
[Round "13.30"]
[White "Szczepkowska, Karina"]
[Black "Galojan, Lilit"]
[Result "1-0"]
[WhiteTitle "IM"]
[BlackTitle "IM"]
[WhiteElo "2419"]
[BlackElo "2300"]
[WhiteFideId "1122681"]
[BlackFideId "13301314"]
[EventDate "2017.12.26"]

1. d4 Nf6 2. c4 e6 3. Nf3 b6 4. a3 Bb7 5. Nc3 d5 6. Bg5 Be7 7. Qa4+ c6 8. Bxf6
Bxf6 9. cxd5 exd5 10. e3 O-O 11. Bd3 c5 12. O-O c4 13. Bb1 a6 14. Qc2 g6 15. Qe2
Re8 16. Rd1 Nd7 17. Bc2 b5 18. Qf1 Bg7 19. Re1 f5 20. Nd2 Rc8 21. Kh1 Qb6 22. f4
a5 23. Nf3 b4 24. Nd1 Ba6 25. Qf2 Bb5 26. Ne5 Nxe5 27. fxe5 Rf8 28. Rc1 Qe6 29.
Qf3 Bd7 30. axb4 axb4 31. Nf2 g5 32. Qe2 Ra8 33. Qd2 Qe7 34. Bb1 Ra6 35. Kg1 Rh6
36. Nh1 g4 37. Rf1 Qh4 38. g3 Qe7 39. Rf2 Rb6 40. Rcf1 Qg5 41. Rf4 h5 42. e4 c3
43. Qe3 dxe4 44. bxc3 Bh6 45. d5 Rbb8 46. c4 Qe7 47. e6 Bxe6 48. dxe6 Qxe6 49.
Nf2 b3 50. c5 b2 51. Nd1 Rb3 52. Qd4 Bxf4 53. gxf4 e3 54. Nc3 Ra3 55. Re1 Re8
56. Nd5 Kf7 57. Nc7 Qc6 58. Nxe8 Qf3 59. Nd6+ Ke7 60. Qe5+ Kd8 61. Qe8+ Kc7 62.
Qc8# 1-0

[Event "World Rapid Women 2017"]
[Site "Riyadh KSA"]
[Date "2017.12.28"]
[Round "13.31"]
[White "Mamedjarova, Zeinab"]
[Black "Mkrtchian, Lilit"]
[Result "0-1"]
[WhiteTitle "WGM"]
[BlackTitle "IM"]
[WhiteElo "2363"]
[BlackElo "2376"]
[WhiteFideId "13401521"]
[BlackFideId "13300601"]
[EventDate "2017.12.26"]

1. d4 Nf6 2. Nf3 b6 3. e3 e6 4. Bd3 Bb7 5. Nbd2 d5 6. O-O Bd6 7. b3 O-O 8. Bb2
Nbd7 9. c4 Ne4 10. Rc1 f5 11. Ne5 Bxe5 12. dxe5 Ndc5 13. Be2 Nxd2 14. Qxd2 dxc4
15. Qxd8 Rfxd8 16. Bxc4 Ba6 17. Bd4 Bxc4 18. Rxc4 Na6 19. Rc6 Kf7 20. Rfc1 Rd7
21. a3 Rc8 22. b4 Nb8 23. R6c2 c6 24. f3 Rdc7 25. e4 fxe4 26. fxe4 Na6 27. Be3
c5 28. b5 Nb8 29. Rf1+ Kg8 30. Rd1 Rd7 31. Rd6 Rxd6 32. exd6 e5 33. a4 Kf7 34.
Bg5 Ke6 35. Be7 Nd7 36. Kf2 a6 37. Ra2 Ra8 38. bxa6 Rxa6 39. Ke3 Ra5 40. Kd3 b5
41. Rb2 bxa4 42. Bd8 Ra8 43. Bc7 a3 44. Ra2 Ra4 45. h3 c4+ 46. Ke3 Nc5 47. Bb6
Nd3 48. Bc7 Nb4 49. Rd2 Nd3 50. Ra2 Nb4 51. Rd2 Nd3 52. Ra2 Kd7 53. g3 Nb4 54.
Rf2 a2 55. Rf7+ Kc6 56. Bb8 a1=Q 57. Rc7+ Kb6 58. d7 Ra3+ 0-1

[Event "World Rapid Women 2017"]
[Site "Riyadh KSA"]
[Date "2017.12.28"]
[Round "13.32"]
[White "Sukandar, Irine Kharisma"]
[Black "Buksa, Nataliya"]
[Result "0-1"]
[WhiteTitle "IM"]
[BlackTitle "WGM"]
[WhiteElo "2384"]
[BlackElo "2385"]
[WhiteFideId "7101937"]
[BlackFideId "14123622"]
[EventDate "2017.12.26"]

1. d4 d5 2. Bf4 Nf6 3. e3 c5 4. c3 Nc6 5. Nd2 g6 6. dxc5 Bg7 7. Ngf3 O-O 8. h3
a5 9. Bb5 Nd7 10. Nb3 a4 11. Nbd4 Nxc5 12. Nxc6 bxc6 13. Bxc6 Ba6 14. Bxa8 Nd3+
15. Kd2 Qxa8 16. Qxa4 Nxb2 17. Qc2 Nd3 18. Rhb1 Nxf2 19. Rb6 Ne4+ 20. Kc1 Nxc3
21. Nd4 Bxd4 22. exd4 Ne2+ 23. Kd2 Nxf4 24. Qa4 Bc4 25. Qxa8 Rxa8 26. a4 Nxg2
27. a5 Nf4 28. h4 h5 29. a6 Ra7 30. Ra3 Ng2 31. Rb7 Rxa6 32. Rxa6 Bxa6 33. Rxe7
Nxh4 34. Rd7 Bc4 35. Ke3 Nf5+ 36. Kf4 Kg7 37. Ke5 h4 38. Rb7 h3 39. Rb2 Bf1 40.
Rh2 Bg2 0-1

[Event "World Rapid Women 2017"]
[Site "Riyadh KSA"]
[Date "2017.12.28"]
[Round "13.33"]
[White "Zawadzka, Jolanta"]
[Black "Enkhtuul, Altan-Ulzii"]
[Result "0-1"]
[WhiteTitle "WGM"]
[BlackTitle "WGM"]
[WhiteElo "2424"]
[BlackElo "2344"]
[WhiteFideId "1122320"]
[BlackFideId "4901444"]
[EventDate "2017.12.26"]

1. e4 Nf6 2. e5 Nd5 3. d4 d6 4. c4 Nb6 5. exd6 exd6 6. Bd3 Be7 7. Ne2 Nc6 8. O-O
Nb4 9. Be4 d5 10. cxd5 N4xd5 11. Qc2 Nf6 12. Bf3 O-O 13. Nbc3 c6 14. Bf4 Bg4 15.
Bxg4 Nxg4 16. Rad1 Nf6 17. Rfe1 Nbd5 18. Be5 Re8 19. Ng3 Bb4 20. Re2 Qa5 21. Na4
Bf8 22. a3 Nd7 23. b4 Qd8 24. Nf5 a5 25. bxa5 Qxa5 26. Nb2 Nc3 27. Re3 Nxd1 28.
Nh6+ gxh6 29. Rg3+ Bg7 30. Rxg7+ Kf8 31. Rxf7+ Kxf7 32. Qxh7+ Ke6 33. Qg6+ Ke7
34. Nd3 Nxe5 35. dxe5 Kd7 36. Qf7+ Re7 37. e6+ Kd6 38. Qf4+ Kxe6 39. Qg4+ Kd6
40. Qf4+ Kd7 41. Qg4+ Kc7 42. Qf4+ Kb6 43. Qd4+ Kc7 44. Qf4+ Kc8 45. h4 Qd5 46.
Qf8+ Qd8 47. Qf5+ Qd7 48. Qf8+ Re8 49. Qf3 Rxa3 0-1

[Event "World Rapid Women 2017"]
[Site "Riyadh KSA"]
[Date "2017.12.28"]
[Round "13.34"]
[White "Charkhalashvili, Inga"]
[Black "Cori T., Deysi"]
[Result "0-1"]
[WhiteTitle "WGM"]
[BlackTitle "WGM"]
[WhiteElo "2355"]
[BlackElo "2389"]
[WhiteFideId "13601431"]
[BlackFideId "3801934"]
[EventDate "2017.12.26"]

1. d4 Nf6 2. c4 e6 3. Nc3 Bb4 4. Qc2 O-O 5. a3 Bxc3+ 6. Qxc3 b5 7. cxb5 c6 8.
bxc6 Nxc6 9. Nf3 Bb7 10. e3 Rc8 11. Qd3 d6 12. Be2 e5 13. Qb5 Qe7 14. O-O Rfe8
15. Rd1 exd4 16. Nxd4 Nxd4 17. Rxd4 Rc5 18. Qa4 Bc6 19. Qd1 Rg5 20. f3 Bb7 21.
e4 Rg6 22. Bf1 Qe5 23. Rb4 Bxe4 24. Rxe4 Nxe4 25. fxe4 Qxe4 26. b4 h5 27. Ra2
Qb7 28. Rf2 h4 29. h3 Qc6 30. Bb2 Re3 31. Qd4 Re1 32. Qxh4 Qd5 33. Qd4 Qb3 34.
Qc3 Qe6 35. Qd2 Re3 36. Kh2 d5 37. Bd4 Qd6+ 38. Kh1 Rxa3 39. Bc5 Qe5 40. Qf4 Qe6
41. Re2 Qc6 42. Kh2 Rf6 43. Qb8+ Kh7 44. Re1 Qd7 45. Bb5 Qf5 46. Qe5 Qc2 47. Re2
Qg6 48. Qxd5 Qg3+ 49. Kh1 Rf1+ 50. Bg1 Rxg1+ 51. Kxg1 Ra1+ 52. Re1 Rxe1+ 53. Bf1
Qe3+ 54. Kh2 Rxf1 0-1